书目信息 |
| 题名: |
天文普及年历
|
|
| 作者: | ;北京天文馆 , 紫金山天文台 编 | |
| 分册: | 1988 | |
| 出版信息: | 北京 科学出版社 1987 |
|
| 页数: | 223页 | |
| 开本: | 19cm | |
| 丛书名: | ||
| 单 册: | ||
| 中图分类: | P197.1 | |
| 科图分类: | ||
| 主题词: | 天文年历--中国--1988 | |
| 电子资源: | ||
| ISBN: | 7-03-000130-3 | |
| 000 | 00678nam0 2200229 45 | |
| 001 | 0187009647 | |
| 005 | 20061121110349.51 | |
| 010 | @a7-03-000130-3@dCNY1.35 | |
| 100 | @a19900808d1987 em y0chiy0121 ea | |
| 101 | 0 | @achi |
| 102 | @aCN@b110000 | |
| 105 | @ay z 000yy | |
| 200 | 10 | @a天文普及年历@Atian wen pu ji nian li@h1988@f紫金山天文台, 北京天文馆编 |
| 210 | @a北京@c科学出版社@d1987 | |
| 215 | @a223页@d19cm | |
| 606 | @a天文年历@y中国@z1988 | |
| 690 | @aP197.1@v3 | |
| 711 | 02 | @a北京天文馆@Abei jing tian wen guan@4编 |
| 711 | 02 | @a紫金山天文台@Azi jin shan tian wen tai@4编 |
| 801 | 2 | @aCN@bNLC@c20061121 |
| 801 | 0 | @aCN@bTSSF |
| 905 | @a10447@dP197.1@e3:(1988) | |
| 天文普及年历.1988/紫金山天文台, 北京天文馆编.-北京:科学出版社,1987 |
| 223页;19cm |
| ISBN 7-03-000130-3:CNY1.35 |
| ● |
| 相关链接 |
|
|
|
|
正题名:天文普及年历
索取号:P197.1/3:(1988)
 
预约/预借
| 序号 | 登录号 | 条形码 | 馆藏地/架位号 | 状态 | 备注 |
| 1 | 0204945 | 202101821 | 第二样本阅览室/ [索取号:P197.1/3:(1988)] | 在馆 |